[Event "Kishinev Victoriei Cup"]
[Site "Kishinev"]
[Date "2007.05.07"]
[Round "2"]
[White "Khamitskiy, Sergei"]
[Black "Gutol, Igor"]
[Result "1-0"]
[WhiteElo "2329"]
[BlackElo "2302"]
[PlyCount "49"]
[EventDate "2007.04.30"]
[EventType "tourn"]
[EventRounds "14"]
[EventCountry "MDA"]
[SourceTitle "EXT 2022"]
[Source "ChessBase"]
[SourceDate "2021.10.06"]
[SourceVersion "1"]
[SourceVersionDate "2021.10.06"]
[SourceQuality "1"]

1. d4 d5 2. c4 e6 3. Nc3 h6 4. Nf3 Nf6 5. e3 c5 6. Bd3 dxc4 7. Bxc4 cxd4 8. Nxd4 Bd6 9. Bb5+ Bd7 10. Nxe6 Qb6 11. Bxd7+ Nbxd7 12. Nxg7+ Kf8 13. Nf5 Bb4 14. 0-0 Rd8 15. Nd5 Nxd5 16. Qxd5 Rg8 17. a3 Be7 18. Nxe7 Kxe7 19. Bd2 Nc5 20. Qe5+ Ne6 21. Bb4+ Ke8 22. f4 Qc6 23. Rf2 Kd7 24. Qf6 Kc8 25. Qxf7 1-0

[Event "Kishinev Victoriei Cup"]
[Site "Kishinev"]
[Date "2007.05.07"]
[Round "2"]
[White "Panush, Viktor"]
[Black "Gutol, Igor"]
[Result "1-0"]
[WhiteElo "2226"]
[BlackElo "2302"]
[PlyCount "117"]
[EventDate "2007.04.30"]
[EventType "tourn"]
[EventRounds "14"]
[EventCountry "MDA"]
[SourceTitle "EXT 2022"]
[Source "ChessBase"]
[SourceDate "2021.10.06"]
[SourceVersion "1"]
[SourceVersionDate "2021.10.06"]
[SourceQuality "1"]

1. Nf3 Nf6 2. c4 e6 3. g3 d5 4. Bg2 Be7 5. 0-0 0-0 6. d4 dxc4 7. Ne5 Nc6 8. Bxc6 bxc6 9. Nxc6 Qe8 10. Nxe7+ Qxe7 11. Qa4 e5 12. dxe5 Qxe5 13. Qxc4 Be6 14. Qd3 Rad8 15. Qe3 Qh5 16. f3 Rfe8 17. Qg5 Bc4 18. Qxh5 Nxh5 19. Re1 Rxe2 20. Rxe2 Bxe2 21. Kf2 Bc4 22. Nc3 Nf6 23. Be3 Nd5 24. Rd1 Rd6 25. Rd4 Nb6 26. Rxd6 cxd6 27. b3 Bd3 28. Bxb6 axb6 29. Ke3 Bc2 30. Nd5 Kf8 31. Nxb6 Ke7 32. a4 Kd8 33. a5 Kc7 34. Nd5+ Kb7 35. b4 Bb3 36. Kd4 h5 37. b5 Bd1 38. f4 f6 39. a6+ Ka7 40. Ne3 Bf3 41. Nf5 Kb6 42. Nxd6 g5 43. Kc4 gxf4 44. gxf4 Bg4 45. Kb4 Be6 46. Nc4+ Ka7 47. Kc5 Bc8 48. Nb6 Bxa6 49. bxa6 Kxa6 50. Kd6 Kxb6 51. Ke6 Kc6 52. Kxf6 h4 53. f5 Kd5 54. Kg6 Ke4 55. f6 Kf4 56. f7 Kg4 57. f8Q Kh3 58. Qf2 Kg4 59. Qf5# 1-0